Top 30 Greatest Songs - Ed Sheeran - Statistics

General Stats
  • This quiz has been taken 19 times
  • The average score is 11 of 30
Answer Stats
Rank Song Year % Correct
1 Shape of You 2017
100%
2 Perfect 2017
72%
6 The A Team 2011
72%
5 Castle on the Hill 2017
67%
3 Thinking Out Loud 2014
67%
9 Shivers 2021
61%
8 Bad Habits 2021
56%
13 Galway Girl 2017
56%
4 Photograph 2015
50%
12 Happier 2017
44%
10 Lego House 2011
44%
14 Sing 2014
44%
26 Don't 2014
33%
20 Eyes Closed 2023
33%
23 Nancy Mulligan 2017
33%
25 Bloodstream 2015
28%
24 Dive 2017
28%
7 I See Fire 2013
28%
30 2step 2022
22%
21 Boat 2023
22%
19 Afterglow 2020
17%
17 Beautiful People 2019
17%
15 Drunk 2012
17%
29 Overpass Graffiti 2021
17%
22 Visiting Hours 2021
17%
16 You Need Me, I Don't Need You 2011
17%
11 Give Me Love 2012
11%
27 Make It Rain 2014
11%
18 South of the Border 2019
11%
28 One 2014
6%
No matching quizzes found
Score Distribution
Percent of People with Each Score
Percentile by Number Answered
Your Score History
You have not taken this quiz